Election of 1832 Trivia - Statistics

General Stats
  • This quiz has been taken 19 times
  • The average score is 19 of 24
Answer Stats
Hint Answer % Correct
Victor Andrew Jackson
100%
Their party Democratic
100%
Second place candidate Henry Clay
100%
Their home state Kentucky
100%
Only state they won South Carolina
100%
Their home state Tennessee
100%
Their running mate Martin Van Buren
92%
Their party National Republican
92%
State with the closest margin (0.76%) New Jersey
92%
Only state they won Vermont
92%
Georgia
85%
Their home state Maryland
85%
Mississippi
85%
Their party Nullifier
85%
Their home state Virginia
85%
Their party Anti-Masonic
77%
1st candidate who won only one state John Floyd
77%
2nd candidate who won only one state William Wirt
77%
Three states tied for the largest margin (100%) Missouri
69%
Their running mate Amos Ellmaker
62%
Major political issue that a large portion of the election revolved around Second Bank of the United States
62%
Their running mate John Sergeant
54%
Their running mate Henry Lee
46%
Secondary running mate William Wilkins
31%
No matching quizzes found
Score Distribution
Percent of People with Each Score
Percentile by Number Answered
Your Score History
You have not taken this quiz